000 02207nam a2200229Ia 4500
003 Ost
005 20260507075325.0
008 260507s9999||||xx |||||||||||||| ||und||
020 _a8373279779
040 _cfsecg
041 _aara
082 _a330
100 _aعلي، اسماعيل محمود
_eمؤلف
245 0 _aتاريخ الفكر الاقتصادي /
_c اسماعيل محمود علي
260 _aالاسكندرية:
_bمكتبة الوفاء القانونية,
_c2011
300 _a448 صفحة؛
_bإيضاحات ؛
_c25 سم
504 _aببليوغرافيا: 435
520 _aالحالة الاقتصادية لفرنسا قبل الثورة و بعدها، نظام الضرائب و تأخر الصناعة، محاولات الاصلاح، الحالة الاقتصادية في ألمانيا في أوائل القرن التاسع عشر، التجارة ، الصناعة و الزراعة و تأخر المدن ، الاصلاح في بروسيا، الحالة الاقتصادية في انجليترا في القرن الثامن عشر، انتشار الصناعة و تقدمها ورواج التجارة الداخلية و الخارجية، الزراعة في أوربا في القرن التاسع عشر، حلة أوربا الزراعية قبل الانقلاب الزراعي و حالة انجليترا الزراعية بعد الانقلاب، اضمحلال الزراعة في أوربا و طرق علاجها، تقدم الزراعة في فرنسا في القرن التاسع عشر، الزراعة في ألمانيا في القرن التاسع عشر، نهضة الزراعة في انجليترا ، الثورة الصناعة في فرنسا ، تقدم الصناعة في ألمانيا، العلاقة البيئية الانسانية، النقود الدولية ، السكان و الانتاج و التجارة ، واقعنا الاقتصادي العربي و مؤشرات أداءات الاقتصاديات العربية ، مؤشرات الاندماج في الاقتصاد العالمي
653 _aالإقتصاد- تاريخ
653 _aأوروبا- الإقتصاد
942 _cكتاب
999 _c43961
_d43961